ا سلا ميا ت (Record no. 166359)

MARC details
000 -LEADER
fixed length control field 00792nam a22002297a 4500
005 - DATE AND TIME OF LATEST TRANSACTION
control field 20190722132010.0
010 ## - LCCN (DPL NO)
LC control number B-77907
020 ## - INTERNATIONAL STANDARD BOOK NUMBER
International Standard Book Number -
Terms of availability 200.00
035 ## - SYSTEM CONTROL NUMBER
System control number B-77907
037 ## - SOURCE OF ACQUISITION
Source of stock number/acquisition BPPD/Ven.
Stock number dpl
082 ## - DEWEY DECIMAL CLASSIFICATION NUMBER
Classification number 270
100 ## - MAIN ENTRY--PERSONAL NAME
Personal name محمد ضياء ا لد ين ا نصا ر ی
245 ## - TITLE STATEMENT
Title ا سلا ميا ت
Statement of responsibility, etc محمد ضياء ا لد ين ا نصا ر ی
246 ## - VARYING FORM OF TITLE
Title proper/short title Islamiat (Urdu)
Remainder of title by Mohd. Zia Uddin Ansari
260 ## - PUBLICATION, DISTRIBUTION, ETC. (IMPRINT)
Place of publication, distribution, etc Patna
Name of publisher, distributor, etc Khuda Bakhsh Oriental Public Library
Date of publication, distribution, etc 2001
270 ## - ADDRESS
Address Khuda Bakhsh Oriental Public Library,Patna (Bihar)
300 ## - PHYSICAL DESCRIPTION
Extent 460ص
Dimensions 22cm(Hb)
490 ## - SERIES STATEMENT
Series statement Jaico illustrated classics series
942 ## - ADDED ENTRY ELEMENTS (KOHA)
Source of classification or shelving scheme Dewey Decimal Classification
Item type Urdu Bks
Call number suffix ہ ن د
Classification part 270
Holdings
Withdrawn status Lost status Not for loan Collection code Home library Current library Date acquired Source of acquisition Cost, normal purchase price Full call number Barcode Copy number Cost, replacement price Koha item type
    Ordered Non-fiction Central Library Central Library 22/07/2019 BPPD/Ven. 200.00 270 ہ ن د B-77907 1 200.00 Urdu Bks

© Delhi Public Library
Hit Counter
free hit counter